000
00309nam a22001337a 4500
020
_q
PB.
040
_c
FIZZA ISHAQ
082
_a
004
_b
JAI
100
_a
Jain, S.K.
_9
83624
245
_a
COMPUTER FUNDAMENTAL /
_c
S.K JAIN.
260
_a
DELHI :
_b
DHANPAT RAI,
_c
2002.
300
_a
157 p. ;
942
_2
ddc
_c
BK
999
_c
586629
_d
586629